Los angeles emigrantes
Salvato in:
| Natura: | testo |
|---|---|
| Soggetti: | |
| Tags: |
Aggiungi Tag
Nessun Tag, puoi essere il primo ad aggiungerne!!
|
MARC
| LEADER | 00000 a a2200000 04500 | ||
|---|---|---|---|
| 001 | 6567 | ||
| 003 | |||
| 040 | |||
| 245 | |a Los angeles emigrantes | ||
| 650 | |a EMIGRANTES | ||
| 650 | |a NIÑOS | ||
| 773 | |g volumen 22, número 995; páginas 9-10 | ||
| 999 | |c 28019 |d 28019 | ||
